Artificial Neural networks: advanced Principles (Record no. 4398)
| 000 -LEADER | |
|---|---|
| fixed length control field | 00501nam a22001697a 4500 |
| 003 - CONTROL NUMBER IDENTIFIER | |
| control field | OSt |
| 005 - DATE AND TIME OF LATEST TRANSACTION | |
| control field | 20250211115517.0 |
| 008 - FIXED-LENGTH DATA ELEMENTS--GENERAL INFORMATION | |
| fixed length control field | 250211b |||||||| |||| 00| 0 eng d |
| 020 ## - INTERNATIONAL STANDARD BOOK NUMBER | |
| International Standard Book Number | 9781682856697 |
| 050 ## - LIBRARY OF CONGRESS CALL NUMBER | |
| Classification number | QA 76.87.A78 2019 |
| 245 ## - TITLE STATEMENT | |
| Title | Artificial Neural networks: advanced Principles |
| Statement of responsibility, etc | Jeremy Rogerson ed |
| 260 ## - PUBLICATION, DISTRIBUTION, ETC. (IMPRINT) | |
| Place of publication, distribution, etc | New York |
| Name of publisher, distributor, etc | Willford Press |
| Date of publication, distribution, etc | 2019 |
| 300 ## - PHYSICAL DESCRIPTION | |
| Extent | vii, 180 pages |
| 504 ## - BIBLIOGRAPHY, ETC. NOTE | |
| Bibliography, etc | Includes Bibliographical References and Index |
| 700 ## - ADDED ENTRY--PERSONAL NAME | |
| Personal name | Rogerson, Jeremy ed. |
| 942 ## - ADDED ENTRY ELEMENTS (KOHA) | |
| Source of classification or shelving scheme | |
| Koha item type | Book |
| Withdrawn status | Lost status | Source of classification or shelving scheme | Damaged status | Not for loan | Home library | Current library | Shelving location | Date acquired | Total Checkouts | Full call number | Barcode | Date last seen | Date checked out | Copy number | Price effective from | Koha item type | Checked out |
|---|---|---|---|---|---|---|---|---|---|---|---|---|---|---|---|---|---|
| Riara University Library | Riara University Library | General stack | 11/02/2025 | 1 | QA 76.87.A78 2019 | 10758/25 | 21/05/2025 | 30/04/2025 | C.1 | 11/02/2025 | Book | ||||||
| Riara University Library | Riara University Library | General stack | 11/02/2025 | 3 | QA 76.87.A78 2019 | 10759/25 | 26/02/2025 | 26/02/2025 | C.2 | 11/02/2025 | Book | 30/04/2025 |
